An Epic Life Ramanand Sagar: (Record no. 183602)

MARC details
000 -LEADER
fixed length control field 00639nam a22001817a 4500
005 - DATE AND TIME OF LATEST TRANSACTION
control field 20211229151014.0
010 ## - LCCN (DPL NO)
LC control number ENG-130752
020 ## - INTERNATIONAL STANDARD BOOK NUMBER
International Standard Book Number 978-93-887-548-04
Terms of availability 699.00
035 ## - SYSTEM CONTROL NUMBER
System control number EN-114284
037 ## - SOURCE OF ACQUISITION
Source of stock number/acquisition DBAD
082 ## - DEWEY DECIMAL CLASSIFICATION NUMBER
Classification number 791.430233092
100 ## - MAIN ENTRY--PERSONAL NAME
Personal name Sagar, Prem
245 ## - TITLE STATEMENT
Title An Epic Life Ramanand Sagar:
Statement of responsibility, etc Prem Sagar
Remainder of title From Barsaat to Ramayan
260 ## - PUBLICATION, DISTRIBUTION, ETC. (IMPRINT)
Place of publication, distribution, etc Chennai
Name of publisher, distributor, etc Westland Publications Private Limited
Date of publication, distribution, etc 2019
270 ## - ADDRESS
Address 1st Floor, A Block, East Wing, Plot No. 40, SP Info City, Dr. MGR Salai, Perungudi, Kandanchavadi
City Chennai
Postal code 600096
300 ## - PHYSICAL DESCRIPTION
Extent 277p
Dimensions 24cm(hbk)
942 ## - ADDED ENTRY ELEMENTS (KOHA)
Source of classification or shelving scheme Dewey Decimal Classification
Item type English Books
Classification part 791.430233092
Call number suffix SAG
Holdings
Withdrawn status Lost status Not for loan Collection code Home library Current library Date acquired Source of acquisition Cost, normal purchase price Full call number Barcode Copy number Cost, replacement price Koha item type
      Non-fiction Mobile Library Mobile Library 29/12/2021 DBAD/PUB 699.00 791.430233092 SAG EN-114284 1 699.00 English Books

© Delhi Public Library
Hit Counter
free hit counter